|
|
|
|
| LEADER |
01561nam a2200421Ia 4500 |
| 001 |
EBC1193251 |
| 003 |
MiAaPQ |
| 005 |
20200520144314.0 |
| 006 |
m o d | |
| 007 |
cr cn||||||||| |
| 008 |
090123s2008 si a sb 001 0 eng d |
| 010 |
|
|
|z 2009275416
|
| 020 |
|
|
|z 9789812790491
|
| 020 |
|
|
|z 9789812790507
|
| 020 |
|
|
|z 9812790497
|
| 035 |
|
|
|a (MiAaPQ)EBC1193251
|
| 035 |
|
|
|a (Au-PeEL)EBL1193251
|
| 035 |
|
|
|a (CaPaEBR)ebr10688004
|
| 035 |
|
|
|a (CaONFJC)MIL498382
|
| 035 |
|
|
|a (OCoLC)826657995
|
| 040 |
|
|
|a MiAaPQ
|c MiAaPQ
|d MiAaPQ
|
| 050 |
|
4 |
|a HD5856.C6
|b M54 2008
|
| 245 |
0 |
0 |
|a Migration and social protection in China
|h [electronic resource] /
|c editors, Ingrid Nielsen & Russell Smyth.
|
| 260 |
|
|
|a New Jersey :
|b World Scientific,
|c c2008.
|
| 300 |
|
|
|a x, 265 p. :
|b ill.
|
| 490 |
1 |
|
|a Series on contemporary China,
|x 1793-0847 ;
|v v. 14
|
| 504 |
|
|
|a Includes bibliographical references and index.
|
| 533 |
|
|
|a Electronic reproduction. Ann Arbor, MI : ProQuest, 2015. Available via World Wide Web. Access may be limited to ProQuest affiliated libraries.
|
| 650 |
|
0 |
|a Migrant labor
|x Insurance
|z China.
|
| 650 |
|
0 |
|a Social security
|z China.
|
| 650 |
|
0 |
|a Migration, Internal
|z China.
|
| 650 |
|
0 |
|a Rural-urban migration
|z China.
|
| 655 |
|
4 |
|a Electronic books.
|
| 700 |
1 |
|
|a Nielsen, Ingrid.
|
| 700 |
1 |
|
|a Smyth, Russell.
|
| 710 |
2 |
|
|a ProQuest (Firm)
|
| 830 |
|
0 |
|a Series on contemporary China ;
|v v. 14.
|x 1793-0847.
|
| 856 |
4 |
0 |
|u https://ebookcentral.proquest.com/lib/matrademy/detail.action?docID=1193251
|z Click to View
|